000 00840nam a2200241 a 4500
005 20240215063638.0
008 021021s2000 mx r 000 0 spa d
020 _a8429468331
035 _aUPN01000120319
049 _aCG
050 4 _aBF408
_bS4.38
100 1 _aSeltzer, Kimberly
245 1 3 _aLa era de la creatividad :
_bconocimientos y habilidades para una nueva sociedad /
_cKimberly Seltzer, Tom Bentley ; tr. Ernesto Alberola Blázquez.
260 _aMadrid :
_bAula XXI :
_bSantillana,
_c[2000].
300 _a127 p.
440 0 _aAula XXI.
_pSantillana ;
_v78
534 _pTraducción de:
_tThe creative age. Knowledge and skills for the new economy
650 2 _aCreatividad
_95008
650 7 _aAptitud creadora
_2
_91354
650 4 _aTeoría del conocimiento
_91707
700 1 _aBentley, Tom,
_ecoaut.
905 _aLibro
999 _c92657
_d92657